Anime: English Voice Actors - Statistics

General Stats
  • This quiz has been taken 142 times
  • The average score is 5 of 9
Answer Stats
Characters They Voice Voice Actor % Correct
Edward Elrich, Rin Matsuoka, Tamaki Suou Vic mignogna
77%
Eren Jaeger, Rin Okumura, Kirito Kirigaya Bryce Papenbrook
74%
Death the Kid, Natsu Dragneel, Ayato Kirishima Todd Haberkorn
73%
Lucy Heartfilia, Elizabeth Midford, Asuna Yuuki Cherami Leigh
51%
Sebastian Michaelis, Rei Ryuugazaki, APH France John Michael Tatum
50%
Touka Kirishima, Ciel Phantomhive, Juvia Lockser Brina Palencia
47%
Yukio Okumura, Lelouche Lamperouge, Izaya Orihara Johnny Yong Bosch
45%
Kaneki Ken, Marco Bodt, Kyoshi Fujino Austin Tindle
43%
Mey-Rin, Rize Kamishiro, Tsubaki Nakatsukasa Monica Rial
43%
No matching quizzes found
Score Distribution
Percent of People with Each Score
Percentile by Number Answered
Your Score History
You have not taken this quiz